000
00493nam a2200169Ia 4500
008
151213s9999 xx 000 0 und d
020
_a
9844121258
100
_a
ারফিক আজাদ
245
_a
কবিতা সমগ্র
_c
ারফিক আজাদ
250
_a
১ম সং
260
_a
ঢাকা
_b
ফনিরুল হক
_c
2007
300
_a
8341 p.
650
_a
Bangla
650
_a
কবিতা
700
_a
ারফিক আজাদ
999
_c
4182
_d
4182